TCU Basketball: Top 10 All-Time Leaders - Statistics

General Stats
  • This quiz has been taken 7 times
    2 since last reset
  • The average score is 39 of 92
Answer Stats
Category # Player Amount % Correct
Assists 1 Alex Robinson 672
50%
Steals 4 Alex Robinson 147
50%
Steals 10 Brent Hackett 125
50%
Three Pointers Made T6 Brent Hackett 190
50%
Points 4 Carven Holcombe 1,734
50%
Field Goal Percent 6 Carven Holcombe 51.0%
50%
Points 2 Corey Santee 1,832
50%
Assists 2 Corey Santee 575
50%
Steals 3 Corey Santee 155
50%
Three Pointers Made 2 Corey Santee 243
50%
Games T9 Corey Santee 123
50%
Blocks 9 Craig Sibley 85
50%
Points 1 Darrell Browder 1,887
50%
Assists 7 Darrell Browder 389
50%
Steals 9 Darrell Browder 129
50%
Field Goal Percent 10 Darrell Browder 49.2%
50%
Points Per Game 10 Darrell Browder 16.1
50%
Rebounds 8 Dennis Davis 762
50%
Blocks T10 Dennis Davis 81
50%
Blocks 4 Derrick Davenport 170
50%
Points 3 Desmond Bane 1,784
50%
Steals 8 Desmond Bane 132
50%
Three Pointers Made 1 Desmond Bane 249
50%
Field Goal Percent 8 Desmond Bane 49.5%
50%
Games 1 Desmond Bane 141
50%
Points 5 Dick O'Neal 1,723
50%
Rebounds 6 Dick O'Neal 790
50%
Points Per Game 1 Dick O'Neal 23.9
50%
Field Goal Percent 9 Emanuel Miller 49.4%
50%
Rebounds 2 Gary Turner 887
50%
Points Per Game 3 Gary Turner 20.2
50%
Assists 8 Hank Thorns 377
50%
Rebounds 4 James Cash 856
50%
Blocks T2 James Penny 171
50%
Assists 9 Jamie Dixon 353
50%
Games 2 JD Miller 140
50%
Points Per Game 7 Junior Blount 18.6
50%
Blocks 7 Karviar Shepherd 103
50%
Games 4 Karviar Shepherd 131
50%
Rebounds 3 Kenrich Williams 877
50%
Steals 5 Kenrich Williams 141
50%
Rebounds 9 Kevin Samuel 730
50%
Blocks 1 Kevin Samuel 205
50%
Points 8 Kurt Thomas 1,512
50%
Rebounds 7 Kurt Thomas 782
50%
Blocks 5 Kurt Thomas 166
50%
Field Goal Percent 4 Kurt Thomas 52.4%
50%
Points Per Game 8 Kurt Thomas 17.4
50%
Points 7 Kyan Anderson 1,624
50%
Assists 4 Kyan Anderson 480
50%
Steals 1 Kyan Anderson 168
50%
Three Pointers Made T6 Kyan Anderson 190
50%
Games T5 Kyan Anderson 129
50%
Points 10 Lee Nailon 1,503
50%
Field Goal Percent 3 Lee Nailon 53.2%
50%
Points Per Game 2 Lee Nailon 23.9
50%
Steals 6 Malcolm Johnson 137
50%
Three Pointers Made 9 Malcolm Johnson 177
50%
Points Per Game 6 Malcolm Johnson 18.7
50%
Field Goal Percent 2 Marquise Gainous 53.6%
50%
Points Per Game 4 Marquise Gainous 19.5
50%
Rebounds 5 Micky McCarty 795
50%
Assists T10 Mike Jones 339
50%
Steals 2 Mike Jones 163
50%
Points Per Game 5 Mike Jones 19.5
50%
Assists 3 Prince Fowler 514
50%
Points 6 Reggie Smith 1,630
50%
Rebounds 1 Reggie Smith 966
50%
Blocks 6 Reggie Smith 133
50%
Field Goal Percent 7 Reggie Smith 49.6%
50%
Points 9 Ryan Carroll 1,508
50%
Steals 7 Ryan Carroll 133
50%
Three Pointers Made 3 Ryan Carroll 233
50%
Assists T10 Thomas Mctyer 339
50%
Assists 6 Tony Edmond 414
50%
Blocks T2 Vladimir Brodziansky 171
50%
Field Goal Percent 1 Vladimir Brodziansky 55.8%
50%
Blocks 8 Alvardo Parker 91
0%
Rebounds 10 Bingo Merriex 662
0%
Three Pointers Made 5 Bingo Merriex 217
0%
Games 3 Brandon Parrish 136
0%
Blocks T10 Chuck O'Bannon Jr. 81
0%
Games T7 Chuck O'Bannon Jr. 125
0%
Field Goal Percent 5 Dennis Nutt 51.9%
0%
Points Per Game 9 Doug Arnold 17.3
0%
Games T7 Femi Ibikunle 125
0%
Games T5 Garlon Green 129
0%
Assists 5 Jeff Jacobs 475
0%
Three Pointers Made 8 Jeff Jacobs 182
0%
Three Pointers Made 10 Marcus Shropshire 161
0%
Three Pointers Made 4 Michael Strickland 231
0%
Games T9 Neiman Owens 123
0%
No matching quizzes found
Score Distribution
Percent of People with Each Score
Percentile by Number Answered
Your Score History
You have not taken this quiz since the last reset